000 01886nam a22002897a 4500
001 4609
003 FISKH
005 20240918095435.0
008 240918b cb ||||| |||| 00| 0 eng d
020 _a9780545424141
040 _aFISKH
_beng
_cFISKH
_dFISKH
050 _aPZ7.A6485
082 _2813.54
100 _aApplegate, K.A.
_d1956-
245 _aThe Stranger /
_cAnimorphs K.A. Applegate
250 _aThis edition first printing in 2012
260 _aNew York :
_bScholastic,
_c2012.
300 _a171 pages :
_c20cm
505 _aN
520 _aThe wildly popular books by K.A. Applegate are back! The Animorphs return in this update of the classic series. Rachel isn't the kind of girl who backs away from a fight. When her dad asks her to move across the country with him, it hurts, but Rachel won't desert her friends in their fight to save the world.But then the Animorphs are contacted by a very old, very powerful alien being that knows about their struggle. He's called the Ellimist, and he presents them with a choice: They can abandon the planet with their families and be taken to safety, or they an stay to fight the Yeerks -- and lose. Praise for Animorphs"Engaging ... impressive." -School Library Journal"There's clearly something about Animorphs that has kept kids enthralled."-Publisher's Weekly K.A. APPLEGATE is the author of the bestselling Animorphs series, as well as the Remnants and Everworld series, Home of the Brave, and the Roscoe Riley Rules series. She lives in Tiburon, California. Praise for Animorphs"Engaging ... impressive." -School Library Journal"There's clearly something about Animorphs that has kept kids enthralled."-Publisher's Weekly.
521 8 _a530L
_bLexile
521 8 _aN
_bRaz-Plus
650 _2Science fiction
_aYoung adult
650 _2Animorphs
_aMiddle grade
942 _2ddc
_cBK
_n0
999 _c4609
_d4609